00389pab a2200133 454500008004000000100001900040245009000059260000900149300001300158362001100171650001900182700002000201773003400221180718b2012 xxu||||| |||| 00| 0 eng d aMishra, Yamini aReview of women's studies: Gender responsive budgeting in India: What has gone wrong? c2012 ap.50-57. a28 Apr aWomens studies aSinha, Navanita aEconomic and Political Weekly